A loucura do trabalho (Record no. 68239)

MARC details
000 -LÍDER
campo de controle de tamanho fixo 00395 a2200169 4500
001 - NÚMERO DE CONTROLE
campo de controle 68239
020 ## - ISBN - INTERNATIONAL STANDARD BOOK NUMBER
ISBN - International Standard Book Number 98524901012
040 ## - FONTE DA CATALOGAÇÃO
Instituição que transcreveu o registro Anchieta - Pituba
100 ## - ENTRADA PRINCIPAL--NOME PESSOAL
Nome pessoal Dejours, Cristophe
240 10 - TÍTULO UNIFORME
Título uniforme A loucura do trabalho
Idioma da obra por
245 10 - TÍTULO
Título A loucura do trabalho
300 ## - DESCRIÇÃO FÍSICA
Extensão 168
362 0# - DATAS DE PUBLICAÇÃO E/OU DESIGNAÇÃO SEQUENCIAL
Datas de publicação e/ou designação sequencial 1992
440 #1 - DECLARAÇÃO DE SÉRIE/ENTRADA ADICIONADA--TÍTULO
Título Cortez
650 #4 - ASSUNTO--TERMO TÓPICO
Cabeçalho tópico ou nome geográfico Psicologia industrial ( Stress do trabalho )
942 ## - ELEMENTOS DE ENTRADA ADICIONADOS (KOHA)
Tipo de material Koha Livros
Holdings
Situação do descarte Situação das perdas Situação física Não pode ser emprestado Biblioteca de origem Biblioteca atual Data de aquisição Total de empréstimos Número de chamada completo Código de barras Data de último acesso Data do preço efetivo Tipo de material Koha
        Colégio Anchieta - Pituba Colégio Anchieta - Pituba 21/11/2023   158.7 D327l DEJ LOU 23634/PIT 21/11/2023 21/11/2023 Livros